000 01196cam a22001934a 4500
005 20250605164039.0
008 250528s ||||||||||||||||||||||||d
035 _a16908
020 _a9608666201
040 _aGR-AtMCL
_bgre
_dGR-AtMCL
_eAACR2
245 1 _aEnvironmental Education for the 21st Century / Issues and Perspectives for a Permanent Forum
260 _bPolis - International Network In Environmental Edu,
_c2000
300 _a216
520 _aThis book aims to contribute to the enrichment of the debate about Environmental Education, presenting the diversity of views, in terms of objectives, methods and activity subjects. Introduction, Diversions, The Variety of Conceptions in Environmental Education, The Diversity of Actors and the Target Audiences and the Strategies According to the Kind of Audience, Network and Project Diversity, Activity Subjects and Pedagogical Methods, Didactic Resources in Environmental Education, Training and Research - Project Evaluation, Beyond Understanding and Taking Action: For a True Citizenship, Conclusion, Annexes: Supplementary Information.
700 1 _aZiaka Yolanda
_93002
942 _cBK
999 _c2358
_d2358